00318nam a2200121Ia 450000500170000000800410001708200130005810000210007124500280009226000410012030000130016165000220017420250313151707.0240331s9999 xx 000 0 und d bGANa894 aGaneshalingan, S 0aOru kudummpathin kathai aVadapalanibKumaran Publishersc1993 a203 p ., aStory of a Family